00699nam a2200217Ia 4500003000400000005001700004008004100021020001800062040001800080041000800098082002200106100002200128245008600150250001200236260007200248300003300320650005800353650002800411700002100439700002100460OSt20220718160746.0210716s2016 xx 000 0 und d a9789352134793 cAIMIT LIBRARY aeng a005.448 22bSOUP aSouthwick, Peter. aJunos enterprise routing /cBy Peter Southwick, Doug Marschke and Harry Reynolds. a2nd ed. aNew Delhi :bShroff Publishers and Distributors Pvt Ltd. ,c2016 . axxvii, 735p. ;bPBc23.5 cm. aBorder gateway protocol and enterprise routing policy aJunos security services a Marschke, Doug. aReynolds, Harry.